Home Print Resources E-Books E-Journals IIMT Lecture Series Library Membership Form Book Recommendation Form Campus Tour Take AdmissionAbout Us Contact Us

COST AND MANAGEMENT ACCOUNTING (Record no. 46789)

000 -LEADER
fixed length control field 00384nam a22001457a 4500
003 - CONTROL NUMBER IDENTIFIER
control field OSt
005 - DATE AND TIME OF LATEST TRANSACTION
control field 20230823111013.0
008 - FIXED-LENGTH DATA ELEMENTS--GENERAL INFORMATION
fixed length control field 190423b xxu||||| |||| 00| 0 eng d
040 ## - CATALOGING SOURCE
Transcribing agency IIMT UNIVERSITY
100 ## - MAIN ENTRY--PERSONAL NAME
Personal name JAIN. SP.
245 ## - TITLE STATEMENT
Title COST AND MANAGEMENT ACCOUNTING
260 ## - PUBLICATION, DISTRIBUTION, ETC.
Place of publication, distribution, etc. NEW DELHI
Name of publisher, distributor, etc. KALIYANI PUB
Date of publication, distribution, etc. 2009
300 ## - PHYSICAL DESCRIPTION
Extent 17.12
942 ## - ADDED ENTRY ELEMENTS (KOHA)
Source of classification or shelving scheme
Koha item type Book Bank
Edition 2009
Holdings
Withdrawn status Lost status Source of classification or shelving scheme Damaged status Not for loan Home library Current library Source of acquisition Cost, normal purchase price Inventory number Total Checkouts Barcode Date last seen Date last checked out Price effective from Koha item type
          IIMT University Central Library Meerut IIMT University Central Library Meerut J.B.C 425.00 5199 1 01-B-96555 05/25/2019 05/25/2019 04/23/2019 Book Bank
IIMT, Central Library. All Rights Reserved IIMT,UNIVERSITY © 2023
Implemented and Customised by I CLOUDE EMS
You Are OPAC Visitor No
free web counter

Powered by Koha